书目信息 |
| 题名: |
土壤和沉积物石油类污染防治方法与技术
|
|
| 作者: | 万云洋 , 杜卫东 著 | |
| 分册: | ||
| 出版信息: | 北京 石油工业出版社 2021.2 |
|
| 页数: | 190页 | |
| 开本: | 26cm | |
| 丛书名: | ||
| 单 册: | ||
| 中图分类: | X74 | |
| 科图分类: | ||
| 主题词: | 石油工业--土壤污染--污染防治 , 石油工业--水污染--污染防治 | |
| 电子资源: | ||
| ISBN: | 978-7-5183-1709-7 | |
| 000 | 01484nam0 2200313 45 | |
| 001 | 012001000487 | |
| 005 | 20130911150029.0 | |
| 010 | @a978-7-5183-1709-7@dCNY68.00 | |
| 090 | @aX74@bwyy | |
| 096 | @aX74@bwyy | |
| 100 | @a20170413d2017 em y0chiy50 ea | |
| 101 | 0 | @achi |
| 102 | @aCN@b110000 | |
| 105 | @aa z 000yy | |
| 106 | @ar | |
| 200 | 1 | @a土壤和沉积物石油类污染防治方法与技术@Atu rang he chen ji wu shi you lei wu ran fang zhi fang fa yu ji shu@b专著@f万云洋,杜卫东著 |
| 210 | @a北京@c石油工业出版社@d2021.2 | |
| 215 | @a190页@c彩图@d26cm | |
| 300 | @a并列题名:New approaches and technologies for prevention and control of petroleum-contaminated soils and sediments | |
| 312 | @a封面英文题名:New approaches and technologies for prevention and control of petroleum-contaminated soils and sediments | |
| 330 | @a本书提出了土壤石油污染的TOC/AA五级分类指标体系,研究了土壤有机质—有机碳—腐殖质—石油污染物之间的关系,并首次分析了腐殖质组成与石油污染物迁移转化和自净的关系,综合分析了研究区域的环境和生态状况,探索性地提出油田土壤石油污染的环境容量指标。 | |
| 510 | 1 | @aNew approaches and technologies for prevention and control of petroleum-contaminated soils and sediments@zeng |
| 606 | 0 | @a石油工业@x土壤污染@x污染防治 |
| 606 | 0 | @a石油工业@x水污染@x污染防治 |
| 690 | @aX74@v5 | |
| 701 | 0 | @a万云洋@f(1978~)@Awan yun yang@4著 |
| 701 | 0 | @a杜卫东@c(石油安全)@Adu wei dong@4著 |
| 801 | 0 | @aCN@bBJSDL@c20211011 |
| 905 | @b1335326-9@dX74@e346@f4 | |
| 土壤和沉积物石油类污染防治方法与技术/万云洋,杜卫东著.-北京:石油工业出版社,2021.2 |
| 190页:彩图;26cm |
| 并列题名:New approaches and technologies for prevention and control of petroleum-contaminated soils and sediments |
| ISBN 978-7-5183-1709-7:CNY68.00 |
| 本书提出了土壤石油污染的TOC/AA五级分类指标体系,研究了土壤有机质—有机碳—腐殖质—石油污染物之间的关系,并首次分析了腐殖质组成与石油污染物迁移转化和自净的关系,综合分析了研究区域的环境和生态状况,探索性地提出油田土壤石油污染的环境容量指标。 |
| ● |
| 相关链接 |
|
|
|
|
正题名:土壤和沉积物石油类污染防治方法与技术
索取号:X74/346
 
预约/预借
| 序号 | 登录号 | 条形码 | 馆藏地/架位号 | 状态 | 备注 |
| 1 | 1335326 | 213353262 | 第二样本阅览室/ [索取号:X74/346] | 在馆 | |
| 2 | 1335327 | 213353271 | 第三借阅区/ [索取号:X74/346] | 在馆 | |
| 3 | 1335328 | 213353280 | 第三借阅区/ [索取号:X74/346] | 在馆 | |
| 4 | 1335329 | 213353299 | 第三借阅区/ [索取号:X74/346] | 在馆 |